Chihuahua : entre los nombres y los años /

Bewaard in:
Bibliografische gegevens
Hoofdauteur: Olvera Cobos, Ramón (autor)
Formaat: Boek
Taal:Spaans
Gepubliceerd in: Chihuahua, México : Gobierno del Estado de Chihuahua, hacia 1984
Tags: Voeg label toe
Geen labels, Wees de eerste die dit record labelt!

MARC

LEADER 00000nam^a2200000^a^4500
001 000426081
005 20250526000000.0
009 20260310122732.924
037 |a Acervo ITESO - Biblioteca 
041 |a ESP 
091 |a FHM. 02631 
100 |a Olvera Cobos, Ramón  |e (autor) 
245 1 0 |a Chihuahua :  |b entre los nombres y los años / 
264 1 |a Chihuahua, México :  |b Gobierno del Estado de Chihuahua,  |c hacia 1984 
300 |a 180 p. ;  |c 20.5 cm. 
336 |a texto  |b txt  |2 rdacontenido 
337 |a sin mediación  |b n  |2 rdamedio 
338 |a volumen  |b nc  |2 rdasoporte 
649 |a XX 
910 |a Fondo Hugo B. Margáin 
920 |a Impresos - Libros 
930 |a Libros Antiguos y Raros 
940 |a Literatura 
905 |a 126 
901 |a 0500307916  |b IT2  |c LRA  |i D111836  |u 20250526 
902 |a https://opac.biblio.iteso.mx/vufind/Record/000426081